MARC details
| 000 -LEADER |
| fixed length control field |
04068nam a2200313 i 4500 |
| 003 - CONTROL NUMBER IDENTIFIER |
| control field |
CSPC |
| 005 - DATE AND TIME OF LATEST TRANSACTION |
| control field |
20250910161557.0 |
| 008 - FIXED-LENGTH DATA ELEMENTS--GENERAL INFORMATION |
| fixed length control field |
250910s2022 -uk 001 0 eng d |
| 020 ## - INTERNATIONAL STANDARD BOOK NUMBER |
| International Standard Book Number |
9781838646509 |
| 040 ## - CATALOGING SOURCE |
| Transcribing agency |
CSPC |
| Original cataloging agency |
CSPC |
| Language of cataloging |
eng |
| Description conventions |
rda |
| 050 04 - LIBRARY OF CONGRESS CALL NUMBER |
| Classification number |
QA76.9.A25 |
| Item number |
.Z335 2022 |
| 082 04 - DEWEY DECIMAL CLASSIFICATION NUMBER |
| Classification number |
005.8 |
| Item number |
Z1a |
| 100 1# - MAIN ENTRY--PERSONAL NAME |
| Personal name |
Zaal, Sjoukje, |
| Relator term |
author. |
| 245 1# - TITLE STATEMENT |
| Title |
Azure containers explained : |
| Remainder of title |
leverage Azure container technologies for effective application migration and deployment / |
| Statement of responsibility, etc. |
Sjoukje Zaal. |
| 264 #1 - PRODUCTION, PUBLICATION, DISTRIBUTION, MANUFACTURE, AND COPYRIGHT NOTICE |
| Place of production, publication, distribution, manufacture |
Birmingham, UK : |
| Name of producer, publisher, distributor, manufacturer |
Packt Publishing, |
| Date of production, publication, distribution, manufacture, or copyright notice |
2022. |
| 300 ## - PHYSICAL DESCRIPTION |
| Extent |
xv, 250 pages : |
| Other physical details |
illustrations ; |
| Dimensions |
24 cm. |
| 336 ## - CONTENT TYPE |
| Source |
rdacontent |
| Content type term |
text |
| 337 ## - MEDIA TYPE |
| Source |
rdamedia |
| Media type term |
unmediated |
| 338 ## - CARRIER TYPE |
| Source |
rdacarrier |
| Carrier type term |
volume |
| 500 ## - GENERAL NOTE |
| General note |
Includes index. |
| 505 0# - FORMATTED CONTENTS NOTE |
| Formatted contents note |
Part 1: Getting started with the Microsoft identity platform -- Microsoft identity platform overview -- Azure AD application model -- Application types and user consent -- Part 2: Authentication and protocols -- The basics and evolution of authentication -- Securing applications with OAuth 2.0, OpenID connect, and MSAL -- Building secure services using the Microsoft graph API -- Part 3: Azure AD B2C -- Introducing azure active directory b2C -- Advanced features of Azure AD B2C -- Azure AD B2C custom policies. |
| 520 ## - SUMMARY, ETC. |
| Summary, etc. |
"Develop secure applications using different features of Azure Active Directory along with modern authentication techniques and protocols Key Features Confidently secure your Azure applications using the tools offered by Azure AD Get to grips with the most modern and effective authorization and authentication protocols Unlock the potential of Azure AD's most advanced features including Microsoft Graph and Azure AD B2C Book Description Azure Active Directory for Secure Application Development is your one-stop shop for learning how to develop secure applications using modern authentication techniques with Microsoft Azure AD. Whether you're working with single-tenant, multi-tenant, or line-of-business applications, this book contains everything you need to secure them. The book wastes no time in diving into the practicalities of Azure AD. Right from the start, you'll be setting up tenants, adding users, and registering your first application in Azure AD. The balance between grasping and applying theory is maintained as you move from the intermediate to the advanced: from the basics of OAuth to getting your hands dirty with building applications and registering them in Azure AD. Want to pin down the Microsoft Graph, Azure AD B2C, or authentication protocol best practices? We've got you covered. The full range of Azure AD functionality from a developer perspective is here for you to explore with confidence. By the end of this secure app development book, you'll have developed the skill set that so many organizations are clamoring for. Security is mission-critical, and after reading this book, you will be too. What you will learn Get an overview of Azure AD and set up your Azure AD instance Master application configuration and the use of service principals Understand new authentication protocols Explore the Microsoft Identity libraries Use OpenID Connect, OAuth 2.0, and MSAL to make sign-in fully secure Build a custom app that leverages the Microsoft Graph API Deploy Azure AD B2C to meet your security requirements Create user flows and policies in Azure AD B2C Who this book is for If you are a developer or architect who has basic knowledge of Azure Active Directory and are looking to gain expertise in the application security domain, this is the book for you. Basic Azure knowledge and experience in building web applications and web APIs in C# will help you get the most out of this book." |
| 650 #0 - SUBJECT ADDED ENTRY--TOPICAL TERM |
| Topical term or geographic name entry element |
Directory services (Computer network technology). |
| 650 #0 - SUBJECT ADDED ENTRY--TOPICAL TERM |
| Topical term or geographic name entry element |
Client/server computing. |
| 650 #0 - SUBJECT ADDED ENTRY--TOPICAL TERM |
| Topical term or geographic name entry element |
Computer networks |
| General subdivision |
Management. |
| 650 #0 - SUBJECT ADDED ENTRY--TOPICAL TERM |
| Topical term or geographic name entry element |
Windows Azure. |
| 942 ## - ADDED ENTRY ELEMENTS (KOHA) |
| Source of classification or shelving scheme |
Dewey Decimal Classification |
| Suppress in OPAC |
No |
| Koha item type |
Books |
| Classification part |
005.8 |
| Item part |
Z1a |
| Call number prefix |
GRD |
| Call number suffix |
2022 |